[Event "Winter CCCSA-GM 2020"]
[Site "Charlotte"]
[Date "2020.01.18"]
[Round "3.4"]
[White "Paragua, Mark"]
[Black "Plotkin, Mark"]
[Result "1-0"]
[WhiteElo "2506"]
[BlackElo "2395"]
[Annotator "ChessBase"]
[PlyCount "87"]
[EventDate "2020.01.17"]
[EventType "tourn"]
[EventCountry "USA"]
[SourceTitle "playchess.com"]
[Source "ChessBase"]
[SourceQuality "1"]
[TimeControl "5400+30"]

1. e4 {[%emt 1:30:30]} g6 {[%emt 1:30:30]} 2. d4 {[%emt 0:00:30]} Bg7 {[%emt 0:00:30]} 3. Nc3 {[%emt 0:00:30]} d6 4. f4 {[%emt 0:00:30]} Nf6 {[%emt 0:01:00]} 5. Nf3 {[%emt 0:00:30]} O-O {[%emt 0:00:30]} 6. Bd3 {[%emt 0:00:30]} c5 {[%emt 0:00:30]} 7. dxc5 {[%emt 0:00:30]} dxc5 {[%emt 0:00:30]} 8. e5 {[%emt 0:00:30]} Nd5 {[%emt 0:00:30]} 9. Nxd5 {[%emt 0:00:30]} Qxd5 {[%emt 0:00:30]} 10. Qe2 {[%emt 0:00:30]} Nc6 {[%emt 0:00:30]} 11. Be4 {[%emt 0:00:30]} Qd8 {[%emt 0:00:30]} 12. c3 {[%emt 0:00:30]} Qc7 {[%emt 0:00:30]} 13. Be3 {[%emt 0:00:30]} b6 {[%emt 0:00:30]} 14. b4 {[%emt 0:00:30]} Bb7 {[%emt 0:00:30]} 15. bxc5 {[%emt 0:00:30]} bxc5 {[%emt 0:00:30]} 16. Rb1 {[%emt 0:00:30]} Rab8 {[%emt 0:00:30]} 17. O-O {[%emt 0:00:30]} Rfd8 {[%emt 0:00:30]} 18. Nd2 {[%emt 0:00:30]} Na5 {[%emt 0:00:30]} 19. Bxb7 {[%emt 0:00:30]} Rxb7 {[%emt 0:00:30]} 20. Qa6 {[%emt 0:00:30]} Rdb8 {[%emt 0:00:30]} 21. Rxb7 {[%emt 0:00:30]} Rxb7 {[%emt 0:00:30]} 22. Ne4 {[%emt 0:00:30]} Qc6 {[%emt 0:00:30]} 23. Qxc6 {[%emt 0:00:30]} Nxc6 {[%emt 0:00:30]} 24. Bxc5 {[%emt 0:00:30]} Rb2 {[%emt 0:00:30]} 25. Rd1 {[%emt 0:00:30]} Rxa2 {[%emt 0:00:30]} 26. Rd7 {[%emt 0:00:30]} Ra4 {[%emt 0:00:30]} 27. Nd2 {[%emt 0:00:30]} Rxf4 {[%emt 0:00:30]} 28. Rc7 {[%emt 0:00:30]} Bxe5 {[%emt 0:00:30]} 29. Rxc6 {[%emt 0:00:30]} Bxc3 {[%emt 0:00:30]} 30. Rc8+ {[%emt 0:00:30]} Kg7 {[%emt 0:00:30]} 31. Rd8 {[%emt 0:00:30]} e6 {[%emt 0:00:30]} 32. Bxa7 {[%emt 0:00:30]} Ra4 {[%emt 0:00:30]} 33. Bc5 {[%emt 0:00:30]} g5 {[%emt 0:00:30]} 34. Kf2 {[%emt 0:00:30]} g4 {[%emt 0:00:30]} 35. Ke3 {[%emt 0:00:30]} f5 {[%emt 0:00:30]} 36. Bd4+ {[%emt 0:00:30]} Bxd4+ {[%emt 0:00:30]} 37. Rxd4 {[%emt 0:00:30]} Ra3+ {[%emt 0:00:30]} 38. Rd3 {[%emt 0:00:30]} Ra1 {[%emt 0:00:30]} 39. Rd7+ {[%emt 0:00:30]} Kg6 {[%emt 0:00:30]} 40. Re7 {[%emt 0:00:30]} Re1+ {[%emt 0:00:30]} 41. Kf2 {[%emt 0:00:30]} Re5 {[%emt 0:00:30]} 42. Nc4 {[%emt 0:00:30]} Rc5 {[%emt 0:00:30]} 43. Rxe6+ {[%emt 0:00:30]} Kf7 {[%emt 0:00:30]} 44. Rc6 1-0

[Event "Winter CCCSA-GM 2020"]
[Site "Charlotte"]
[Date "2020.01.18"]
[Round "3.5"]
[White "Panchanathan, Magesh Chandran"]
[Black "Yu, Jennifer"]
[Result "1/2-1/2"]
[WhiteElo "2482"]
[BlackElo "2321"]
[Annotator "TA"]
[PlyCount "148"]
[EventDate "2020.01.17"]
[EventType "tourn"]
[EventCountry "USA"]
[SourceTitle "playchess.com"]
[Source "ChessBase"]
[SourceQuality "1"]

{[%evp 9,148,-32,-10,-20,-17,-43,-10,-50,-25,-34,-13,-33,-17,-19,-10,-8,-16,-26,-13,-21,29,35,31,31,32,33,35,31,48,41,41,43,41,39,41,40,45,35,54,54,54,54,54,54,54,54,57,62,69,0,0,0,0,-18,0,-10,-17,-37,0,0,0,-37,-52,-43,-37,-44,-36,-42,-42,-58,-18,-22,-39,-69,-73,-74,-34,-137,-137,-131,-130,-140,-137,-130,-137,-144,-135,-155,0,-114,0,-149,-142,-278,-306,-306,-297,-278,-215,-383,-383,-396,-396,-359,-269,-257,-131,-131,-131,-138,-10,-10,-12,-180,-8,-8,-8,-8,-8,-60,-8,-43,0,0,0,0,0,0,0,0,0,0,0,0,0,0,0,0,0,0,0]} 1. c4 e5 2. Nc3 Bb4 3. Qc2 Nf6 4. e3 O-O 5. a3 Bxc3 $1 6. Qxc3 {A21: English Opening: 1...e5 2 Nc3} Re8 (6... Nc6 7. Nf3 Re8 8. d3 d5 9. cxd5 Nxd5 10. Qc2 a5 11. b3 Qf6 12. Be2 Qg6 13. Bb2 {1-0 (57) Neiksans,A (2627)-Berzinsh,R (2408) Tallinn 2017}) 7. Qc2 $146 ({Predecessor:} 7. d3 Nc6 8. e4 a5 9. Nf3 d6 10. h3 Nd7 11. Bg5 f6 12. Be3 Nc5 13. g4 Ne6 14. Be2 Qe7 15. Bd1 Bd7 16. Bc2 Nb4 17. Bd1 Nc6 18. Bc2 Nb4 19. Bd1 {½-½ (19) Hovhannisyan,M (2444)-Sterck,A (2316) Roux 2019}) 7... c5 8. b3 b6 9. Bb2 Bb7 10. Ne2 d5 11. cxd5 Bxd5 12. Nc3 Bb7 13. Bc4 Bxg2 14. Rg1 Bf3 15. Qf5 $36 {[%mdl 2048] White fights for an advantage.} Bh5 16. Nd5 Nbd7 $1 17. Nxf6+ Nxf6 18. Bxe5 Bg6 19. Bxf6 Qxf6 20. Qxf6 gxf6 21. Rg4 Kf8 22. Rf4 Re5 23. O-O-O Ke7 24. Kb2 Rd8 25. Kc3 Rd6 26. h4 Bh5 27. Rg1 Bg6 28. d4 Rh5 29. Be2 ({White should try} 29. Re1 $14) 29... cxd4+ $11 30. exd4 Rc6+ 31. Kb4 a5+ 32. Ka4 Rd5 {Strongly threatening ...Bf5.} 33. Bb5 (33. Bf3 $2 Rc4+ $1 {[%mdl 512]} 34. bxc4 Bc2#) 33... Rcd6 34. Re1+ Kf8 {aiming for ...Rxb5!} 35. Rd1 Bc2 36. Rd2 Bxb3+ 37. Kxb3 {And now Bc4 would win.} Rxb5+ $15 {[%mdl 4096] Endgame KRR-KRR} 38. Kc4 Rb1 39. Rf5 Ke7 40. d5 Rc1+ 41. Kb5 Rc3 42. Re2+ Kd7 43. Re3 (43. Rh5 $1 $15) 43... Rc5+ $17 44. Ka6 a4 $1 ({Much less strong is} 44... Rcxd5 45. Rxd5 Rxd5 46. Kxb6 $15) 45. Re4 b5+ ({Much worse is} 45... Rdxd5 $6 46. Rxf6 Rf5 47. Rxf5 $11) ({Reject} 45... Rcxd5 $6 46. Rxd5 Rxd5 47. Kxb6 $11) 46. Ka5 Rcxd5 47. Ref4 Ke7 48. Re4+ Kd7 49. Ref4 Ke7 50. Re4+ $1 Kf8 51. Ref4 (51. Rff4 $17) 51... Rxf5 $19 52. Rxf5 {KR-KR} Rd3 $1 53. Kxb5 Rxa3 54. Rxf6 $2 (54. Kb4 Rh3 55. h5) 54... Rh3 55. Kxa4 Rxh4+ 56. Kb3 Kg7 $1 {[%cal Rg7f6]} 57. Rf3 Kg6 ({Black should play} 57... Rd4 $1 $19 58. Rg3+ Kh8) 58. Kc3 $17 f5 $1 59. Kd3 {[#]} Kg5 (59... Re4 $1 $17 {White should prevent ...h5.} 60. Rg3+ Rg4) 60. Rg3+ $11 Rg4 {( -> ...Rxg3+)} 61. Rh3 $2 {[#]} (61. Re3 $1 $11 {and White is okay.}) 61... h5 $2 (61... Re4 $1 $19 {With the idea ...h5.} 62. Rxh7 Kg4) 62. Ke2 h4 63. Kf1 Kh5 {Black wants to play ...Rc4.} 64. Rb3 (64. Rf3 $11) 64... Rg5 (64... Rd4 $1 $15) 65. Ra3 f4 66. Rb3 {The position is equal.} Rg8 67. Ra3 Rg4 68. Rb3 Kg6 69. Ra3 $1 Kf5 70. Rh3 Ke5 71. f3 Rg3 72. Rxh4 Rxf3+ 73. Ke2 Ra3 74. Rh8 Ke4 {Accuracy: White = 57%, Black = 53%.} 1/2-1/2

[Event "Winter CCCSA-GM 2020"]
[Site "Charlotte"]
[Date "2020.01.18"]
[Round "4.1"]
[White "Mishra, Abhimanyu"]
[Black "Korley, Kassa"]
[Result "1/2-1/2"]
[WhiteElo "2397"]
[BlackElo "2416"]
[Annotator "TA"]
[PlyCount "57"]
[EventDate "2020.01.17"]
[EventType "tourn"]
[EventCountry "USA"]
[SourceTitle "playchess.com"]
[Source "ChessBase"]
[SourceQuality "1"]

{[%evp 17,57,46,48,32,26,8,15,11,22,23,12,9,16,0,0,-34,-34,-23,-23,-20,-14,-20,-7,-18,-12,-11,1,-6,0,0,-2,-16,0,0,18,16,16,18,20,27,8,29]} 1. e4 d6 2. d4 Nf6 3. Nc3 e5 4. Nf3 Nbd7 5. Bc4 Be7 6. a4 O-O 7. O-O c6 8. h3 h6 9. Re1 Re8 10. Ba2 {C41: Philidor Defence} exd4 11. Qxd4 (11. Nxd4 Bf8 12. Bf4 Nc5 13. Qf3 Ne6 14. Bxe6 Bxe6 15. Rad1 d5 16. e5 Nd7 17. Nce2 Nc5 {½-½ (45) Alekseenko,K (2674)-Berkes,F (2667) Batumi 2019}) 11... Nf8 $146 ({Predecessor:} 11... Bf8 12. Bf4 Nc5 13. Rad1 Be6 14. b4 Nxa4 15. Nxa4 Bxa2 16. Nc3 Be6 17. Bxd6 Qxd6 18. Qxd6 Bxd6 19. Rxd6 {½-½ (66) Berke,A (2151)-Velickovski Nejkovic,M (2186) Rijeka 2018}) 12. Be3 Be6 13. Bxe6 Nxe6 14. Qd3 Bf8 15. Rad1 Qc7 16. Qc4 a6 {[%cal Ba7a6,Ba6b5][%mdl 32]} 17. b4 b5 18. axb5 axb5 19. Qb3 Nd7 20. Ne2 Nb6 21. Nd2 Rab8 22. Nf4 d5 23. Bxb6 Qxb6 24. Nd3 d4 25. e5 c5 26. bxc5 Nxc5 27. Nxc5 Bxc5 28. Qd3 Bb4 29. Re2 {Accuracy: White = 47%, Black = 54%.} 1/2-1/2

[Event "Winter CCCSA-GM 2020"]
[Site "Charlotte"]
[Date "2020.01.18"]
[Round "4.2"]
[White "Plotkin, Mark"]
[Black "Panchanathan, Magesh Chandran"]
[Result "1/2-1/2"]
[WhiteElo "2395"]
[BlackElo "2482"]
[Annotator "RC"]
[PlyCount "154"]
[EventDate "2020.01.17"]
[EventType "tourn"]
[EventCountry "USA"]
[SourceTitle "playchess.com"]
[Source "ChessBase"]
[SourceQuality "1"]
[TimeControl "5400+30"]

1. e4 {[%emt 1:30:30]} e5 {[%emt 1:30:30]} 2. Nf3 {[%emt 0:00:30]} Nc6 {[%emt 0:00:30]} 3. d4 {[%emt 0:00:30]} exd4 {[%emt 0:00:30]} 4. c3 {[%emt 0:00:30]} d5 {[%emt 0:00:30]} 5. exd5 {[%emt 0:00:30]} Qxd5 {[%emt 0:00:30]} 6. cxd4 {[%emt 0:00:30]} Nf6 {[%emt 0:00:30]} 7. Nc3 {[%emt 0:00:30]} Bb4 {[%emt 0:00:30]} 8. Bd3 {[%emt 0:00:30]} O-O {[%emt 0:00:30]} 9. O-O {[%emt 0:00:30]} Bxc3 {[%emt 0:00:30]} 10. bxc3 {[%emt 0:00:30]} Bg4 {[%emt 0:00:30]} 11. Be3 {[%emt 0:00:30]} Na5 {[%emt 0:00:30]} 12. Re1 {[%emt 0:00:30]} a6 {[%emt 0:00:30]} 13. Bf4 {[%emt 0:00:30]} Bxf3 {[%emt 0:00:30]} 14. gxf3 {[%emt 0:00:30]} Rfe8 {[%emt 0:00:30]} 15. Re5 {[%emt 0:00:30]} Rxe5 {[%emt 0:00:30]} 16. dxe5 {[%emt 0:00:30]} Rd8 {[%emt 0:00:30]} 17. exf6 {[%emt 0:00:30]} Qxd3 {[%emt 0:00:30]} 18. Qxd3 {[%emt 0:00:30]} Rxd3 {[%emt 0:00:30]} 19. Re1 {[%emt 0:00:30]} h6 {[%emt 0:00:30]} 20. Re3 {[%emt 0:00:30]} Rd1+ {[%emt 0:00:30]} 21. Kg2 {[%emt 0:00:30]} c6 {[%emt 0:00:30]} 22. h4 {[%emt 0:00:30]} Rd5 {[%emt 0:00:30]} 23. Kg3 {[%emt 0:00:30]} c5 {[%emt 0:00:30]} 24. Re8+ {[%emt 0:00:30]} Kh7 {[%emt 0:00:30]} 25. Re7 {[%emt 0:00:30]} gxf6 {[%emt 0:00:30]} 26. Rxf7+ {[%emt 0:00:30]} Kg6 {[%emt 0:00:30]} 27. Rc7 {[%emt 0:00:30]} h5 {[%emt 0:00:30]} 28. Be3 {[%emt 0:00:30]} b6 {[%emt 0:00:30]} 29. Ra7 {[%emt 0:00:30]} Nc4 {[%emt 0:00:30]} 30. Rxa6 {[%emt 0:00:30]} Rd3 {[%emt 0:00:30]} 31. Bf4 {[%emt 0:00:30]} Rxc3 {[%emt 0:00:30]} 32. Bc7 {[%emt 0:00:30]} Rd3 {[%emt 0:00:30]} 33. a4 {[%emt 0:00:30]} Rb3 {[%emt 0:00:30]} 34. Bd8 {[%emt 0:00:30]} Kf7 {[%emt 0:00:30]} 35. Ra7+ {[%emt 0:00:30]} Ke6 {[%emt 0:00:30]} 36. Re7+ {[%emt 0:00:30]} Kd5 {[%emt 0:00:30]} 37. Rh7 {[%emt 0:00:30]} Ne5 {[%emt 0:00:30]} 38. Rxh5 {[%emt 0:00:30]} c4 {[%emt 0:00:30]} 39. Kg2 {[%emt 0:00:30]} Ke6 {[%emt 0:00:30]} 40. Rh6 {[%emt 0:00:30]} Nd7 {[%emt 0:00:30]} 41. Rh7 {[%emt 0:00:30]} c3 {[%emt 0:00:30]} 42. Re7+ {[%emt 0:00:30]} Kd6 {[%emt 0:00:30]} 43. Re1 {[%emt 0:00:30]} c2 {[%emt 0:00:30]} 44. Be7+ {[%emt 0:00:30]} Kd5 {[%emt 0:00:30]} 45. Rc1 {[%emt 0:00:30]} Rc3 {[%emt 0:00:30]} 46. h5 {[%emt 0:00:30]} Kc4 {[%emt 0:00:30]} 47. h6 {[%emt 0:00:30]} Kb3 {[%emt 0:00:30]} 48. Bd6 {[%emt 0:00:30]} Ne5 {[%emt 0:00:30]} 49. h7 {[%emt 0:00:30]} Rc8 {[%emt 0:00:30]} 50. Be7 {[%emt 0:00:30]} Kb2 {[%emt 0:00:30]} 51. Rxc2+ {[%emt 0:00:30]} Kxc2 {[%emt 0:00:30]} 52. Bxf6 {[%emt 0:00:30]} Nf7 {[%emt 0:00:30]} 53. Kg3 {[%emt 0:00:30]} Ra8 {[%emt 0:00:30]} 54. f4 {[%emt 0:00:30]} Kd3 {[%emt 0:00:30]} 55. Kg4 {[%emt 0:00:30]} Ke4 {[%emt 0:00:30]} 56. f3+ {[%emt 0:00:30]} Ke3 {[%emt 0:00:30]} 57. Kf5 {[%emt 0:00:30]} Kxf3 {[%emt 0:00:30]} 58. Kg6 {[%emt 0:00:30]} Ra7 {[%emt 0:00:30]} 59. f5 {[%emt 0:00:30]} Ke4 {[%emt 0:00:30]} 60. h8=Q {[%emt 0:00:30]} Nxh8+ {[%emt 0:00:30]} 61. Bxh8 {[%emt 0:00:30]} Kd5 {[%emt 0:00:30]} 62. f6 {[%emt 0:00:30]} Ke6 {[%emt 0:00:30]} 63. Bg7 {[%emt 0:00:30]} Rf7 {[%emt 0:00:30]} 64. Kg5 {[%emt 0:00:30]} Rd7 {[%emt 0:00:30]} 65. Kg6 {[%emt 0:00:30]} Rd1 {[%emt 0:00:30]} 66. Bh6 {[%emt 0:00:30]} Rf1 {[%emt 0:00:30]} 67. Bg5 {[%emt 0:00:30]} Rg1 {[%emt 0:00:30]} 68. Kh5 {[%emt 0:00:30]} Rg3 {[%emt 0:00:30]} 69. Kg6 {[%emt 0:00:30]} Rf3 {[%emt 0:00:30]} 70. Kg7 {[%emt 0:00:30]} Rg3 {[%emt 0:00:30]} 71. Kg6 {[%emt 0:00:30]} Rg2 {[%emt 0:00:30]} 72. Kh5 {[%emt 0:00:30]} Rf2 {[%emt 0:00:30]} 73. Be3 {[%emt 0:00:30]} Rh2+ {[%emt 0:00:30]} 74. Kg6 {[%emt 0:00:30]} Rg2+ {[%emt 0:00:30]} 75. Kh5 {[%emt 0:00:30]} Kxf6 {[%emt 0:00:30]} 76. Bxb6 {[%emt 0:00:30]} Kf5 {[%emt 0:00:30]} 77. Kh4 {[%emt 0:00:30]} Rg4+ {[%emt 0:00:30]} 1/2-1/2

[Event "Winter CCCSA-GM 2020"]
[Site "Charlotte"]
[Date "2020.01.18"]
[Round "4.4"]
[White "Jacobson, Brandon"]
[Black "Yu, Jennifer"]
[Result "1/2-1/2"]
[WhiteElo "2470"]
[BlackElo "2321"]
[Annotator "RC"]
[PlyCount "127"]
[EventDate "2020.01.17"]
[EventType "tourn"]
[EventCountry "USA"]
[SourceTitle "playchess.com"]
[Source "ChessBase"]
[SourceQuality "1"]
[TimeControl "5400+30"]

1. d4 {[%emt 1:30:30]} d5 {[%emt 1:30:30]} 2. c4 {[%emt 0:00:30]} c6 {[%emt 0:00:30]} 3. Nf3 {[%emt 0:00:30]} Nf6 {[%emt 0:00:30]} 4. e3 {[%emt 0:00:30]} Bf5 {[%emt 0:00:30]} 5. Nc3 {[%emt 0:00:30]} e6 {[%emt 0:00:30]} 6. Nh4 {[%emt 0:00:30]} Bg6 {[%emt 0:00:30]} 7. Nxg6 {[%emt 0:00:30]} hxg6 {[%emt 0:00:30]} 8. Qb3 {[%emt 0:00:30]} Qc7 {[%emt 0:00:30]} 9. g3 {[%emt 0:00:30]} Nbd7 {[%emt 0:00:30]} 10. cxd5 {[%emt 0:00:30]} exd5 {[%emt 0:00:30]} 11. Bg2 {[%emt 0:00:30]} Bd6 {[%emt 0:00:30]} 12. O-O {[%emt 0:00:30]} O-O {[%emt 0:00:30]} 13. f3 {[%emt 0:00:30]} Qb6 {[%emt 0:00:30]} 14. Qxb6 {[%emt 0:00:30]} Nxb6 {[%emt 0:00:30]} 15. e4 {[%emt 0:00:30]} Bc7 {[%emt 0:00:30]} 16. e5 {[%emt 0:00:30]} Nfd7 {[%emt 0:00:30]} 17. f4 {[%emt 0:00:30]} f5 {[%emt 0:00:30]} 18. b3 {[%emt 0:00:30]} Rfe8 {[%emt 0:00:30]} 19. h4 {[%emt 0:00:30]} Nf8 {[%emt 0:00:30]} 20. Bh3 {[%emt 0:00:30]} Nc8 {[%emt 0:00:30]} 21. h5 {[%emt 0:00:30]} Ne7 {[%emt 0:00:30]} 22. hxg6 {[%emt 0:00:30]} Nfxg6 {[%emt 0:00:30]} 23. Ne2 {[%emt 0:00:30]} Kf7 {[%emt 0:00:30]} 24. Ba3 {[%emt 0:00:30]} Rh8 {[%emt 0:00:30]} 25. Kg2 {[%emt 0:00:30]} Ke6 {[%emt 0:00:30]} 26. Ng1 {[%emt 0:00:30]} Ng8 {[%emt 0:00:30]} 27. Nf3 {[%emt 0:00:30]} Bd8 {[%emt 0:00:30]} 28. Ne1 Nh6 {[%emt 0:00:30]} 29. Nd3 {[%emt 0:01:00]} b6 {[%emt 0:00:30]} 30. Rac1 {[%emt 0:00:30]} Rc8 {[%emt 0:00:30]} 31. Rc2 {[%emt 0:00:30]} Be7 {[%emt 0:00:30]} 32. Bb2 {[%emt 0:00:30]} Rc7 {[%emt 0:00:30]} 33. b4 {[%emt 0:00:30]} Rhc8 {[%emt 0:00:30]} 34. a4 {[%emt 0:00:30]} Nf8 {[%emt 0:00:30]} 35. Rfc1 {[%emt 0:00:30]} Nd7 {[%emt 0:00:30]} 36. Kf3 {[%emt 0:00:30]} g6 {[%emt 0:00:30]} 37. g4 {[%emt 0:00:30]} fxg4+ {[%emt 0:00:30]} 38. Bxg4+ {[%emt 0:00:30]} Nxg4 {[%emt 0:00:30]} 39. Kxg4 {[%emt 0:00:30]} a5 {[%emt 0:00:30]} 40. bxa5 {[%emt 0:00:30]} bxa5 {[%emt 0:00:30]} 41. Bc3 {[%emt 0:00:30]} Ra7 {[%emt 0:00:30]} 42. Bxa5 {[%emt 0:00:30]} c5 {[%emt 0:00:30]} 43. Bb4 {[%emt 0:00:30]} c4 {[%emt 0:00:30]} 44. Bxe7 {[%emt 0:00:30]} Kxe7 {[%emt 0:00:30]} 45. Rh1 {[%emt 0:00:30]} Rxa4 {[%emt 0:00:30]} 46. Rh7+ {[%emt 0:00:30]} Kd8 {[%emt 0:00:30]} 47. Nc1 {[%emt 0:00:30]} Nf8 {[%emt 0:00:30]} 48. Rf7 {[%emt 0:00:30]} Ke8 {[%emt 0:00:30]} 49. Rb7 Rca8 {[%emt 0:00:30]} 50. Rh2 {[%emt 0:01:00]} R4a7 {[%emt 0:00:30]} 51. Rb5 {[%emt 0:00:30]} Ra5 {[%emt 0:00:30]} 52. Rb7 {[%emt 0:00:30]} R5a7 53. Rxa7 {[%emt 0:00:30]} Rxa7 54. Ne2 {[%emt 0:00:30]} Ra2 {[%emt 0:01:30]} 55. Kf3 {[%emt 0:00:30]} Kf7 {[%emt 0:00:30]} 56. Rh1 {[%emt 0:00:30]} Rd2 {[%emt 0:00:30]} 57. Ra1 {[%emt 0:00:30]} Ne6 {[%emt 0:00:30]} 58. Ra7+ {[%emt 0:00:30]} Kf8 {[%emt 0:00:30]} 59. Ra8+ {[%emt 0:00:30]} Kg7 {[%emt 0:00:30]} 60. Ra7+ {[%emt 0:00:30]} Kf8 {[%emt 0:00:30]} 61. Ra8+ {[%emt 0:00:30]} Kf7 {[%emt 0:00:30]} 62. Ra7+ {[%emt 0:00:30]} Kf8 {[%emt 0:00:30]} 63. Ra8+ {[%emt 0:00:30]} Kf7 {[%emt 0:00:30]} 64. Ra7+ {[%emt 0:00:30]} 1/2-1/2

[Event "Winter CCCSA-GM 2020"]
[Site "Charlotte"]
[Date "2020.01.18"]
[Round "4.5"]
[White "Yip, Carissa"]
[Black "Hong, Andrew"]
[Result "1-0"]
[WhiteElo "2418"]
[BlackElo "2428"]
[Annotator "RC"]
[PlyCount "97"]
[EventDate "2020.01.17"]
[EventType "tourn"]
[EventCountry "USA"]
[SourceTitle "playchess.com"]
[Source "ChessBase"]
[SourceQuality "1"]
[TimeControl "5400+30"]

1. e4 {[%emt 1:30:30]} c5 {[%emt 1:30:30]} 2. Nf3 {[%emt 0:00:30]} d6 {[%emt 0:00:30]} 3. d4 {[%emt 0:00:30]} cxd4 {[%emt 0:00:30]} 4. Qxd4 {[%emt 0:00:30]} Nc6 {[%emt 0:00:30]} 5. Bb5 {[%emt 0:00:30]} a6 {[%emt 0:00:30]} 6. Bxc6+ {[%emt 0:00:30]} bxc6 {[%emt 0:00:30]} 7. O-O {[%emt 0:00:30]} e5 {[%emt 0:00:30]} 8. Qe3 {[%emt 0:00:30]} Nf6 {[%emt 0:00:30]} 9. c4 {[%emt 0:00:30]} Nd7 {[%emt 0:00:30]} 10. b3 {[%emt 0:00:30]} a5 {[%emt 0:00:30]} 11. Nc3 {[%emt 0:00:30]} Qc7 {[%emt 0:00:30]} 12. Na4 {[%emt 0:00:30]} c5 {[%emt 0:00:30]} 13. Nc3 {[%emt 0:00:30]} Bb7 {[%emt 0:00:30]} 14. Qd3 {[%emt 0:00:30]} Be7 {[%emt 0:00:30]} 15. Bg5 {[%emt 0:00:30]} f6 {[%emt 0:00:30]} 16. Bd2 {[%emt 0:00:30]} Nb6 {[%emt 0:00:30]} 17. Ne1 {[%emt 0:00:30]} a4 {[%emt 0:00:30]} 18. Nc2 {[%emt 0:00:30]} g6 {[%emt 0:00:30]} 19. Ne3 {[%emt 0:00:30]} Bc6 {[%emt 0:00:30]} 20. Rfb1 {[%emt 0:00:30]} axb3 {[%emt 0:00:30]} 21. Rxb3 {[%emt 0:00:30]} Kf7 {[%emt 0:00:30]} 22. h3 {[%emt 0:00:30]} Rhb8 {[%emt 0:00:30]} 23. Rab1 {[%emt 0:00:30]} Bf8 {[%emt 0:00:30]} 24. Kh2 {[%emt 0:00:30]} Nd7 {[%emt 0:00:30]} 25. a4 {[%emt 0:00:30]} Rxb3 {[%emt 0:00:30]} 26. Rxb3 {[%emt 0:00:30]} Qa7 {[%emt 0:00:30]} 27. Nb5 {[%emt 0:00:30]} Bxb5 {[%emt 0:00:30]} 28. axb5 {[%emt 0:00:30]} Nb6 {[%emt 0:00:30]} 29. Nd5 {[%emt 0:00:30]} Kg7 {[%emt 0:00:30]} 30. Nxb6 {[%emt 0:00:30]} Qxb6 {[%emt 0:00:30]} 31. Ra3 {[%emt 0:00:30]} Rxa3 {[%emt 0:00:30]} 32. Qxa3 Be7 {[%emt 0:00:30]} 33. Qa6 {[%emt 0:01:00]} Bd8 {[%emt 0:00:30]} 34. Qc8 {[%emt 0:00:30]} Kf7 {[%emt 0:00:30]} 35. Qd7+ {[%emt 0:00:30]} Be7 {[%emt 0:00:30]} 36. h4 {[%emt 0:00:30]} h5 {[%emt 0:00:30]} 37. f3 {[%emt 0:00:30]} Qb8 {[%emt 0:00:30]} 38. Ba5 {[%emt 0:00:30]} Qa8 {[%emt 0:00:30]} 39. b6 {[%emt 0:00:30]} Qxa5 {[%emt 0:00:30]} 40. b7 Qb4 {[%emt 0:00:30]} 41. Qc8 {[%emt 0:01:00]} Qe1 {[%emt 0:00:30]} 42. b8=Q {[%emt 0:00:30]} Qxh4+ {[%emt 0:00:30]} 43. Qh3 {[%emt 0:00:30]} Qf4+ {[%emt 0:00:30]} 44. Qg3 {[%emt 0:00:30]} Qh6 {[%emt 0:00:30]} 45. Qb7 {[%emt 0:00:30]} f5 {[%emt 0:00:30]} 46. exf5 {[%emt 0:00:30]} gxf5 {[%emt 0:00:30]} 47. Qd5+ {[%emt 0:00:30]} Kf6 {[%emt 0:00:30]} 48. Qh4+ {[%emt 0:00:30]} Kg6 {[%emt 0:00:30]} 49. Qe6+ {[%emt 0:00:30]} 1-0

[Event "Winter CCCSA-GM 2020"]
[Site "Charlotte"]
[Date "2020.01.19"]
[Round "5.1"]
[White "Paragua, Mark"]
[Black "Mishra, Abhimanyu"]
[Result "1/2-1/2"]
[WhiteElo "2506"]
[BlackElo "2397"]
[Annotator "TA"]
[PlyCount "113"]
[EventDate "2020.01.17"]
[EventType "tourn"]
[EventCountry "USA"]
[SourceTitle "playchess.com"]
[Source "ChessBase"]
[SourceQuality "1"]

{[%evp 12,113,22,13,19,-29,-15,-22,-28,-23,-15,-17,-8,-8,-8,-12,-8,-15,-15,-24,-9,-10,-12,-11,-19,-6,0,-10,0,0,0,-7,0,0,31,29,30,22,26,22,29,29,29,29,29,29,29,27,32,33,34,39,76,13,49,49,45,23,23,23,23,25,43,17,17,0,0,0,0,0,8,8,8,8,8,8,17,17,17,17,17,17,17,17,17,17,17,17,17,17,17,0,17,17,17,0,0,0,17,0,0,0,0,0]} 1. Nf3 Nf6 2. c4 g6 3. Nc3 d5 4. cxd5 Nxd5 5. Qb3 Nb6 6. d4 Bg7 7. e4 Bg4 {D90: Grünfeld: 4 Nf3 Bg7 sidelines} 8. Be3 (8. Bb5+ c6 9. Ng5 O-O 10. Be2 Bxe2 11. Nxe2 Na6 12. Qh3 h6 13. Nf3 h5 14. Rg1 Nb4 15. g4 {1-0 (31) Wojtaszek,R (2745)-Mamedyarov,S (2772) Shamkir 2017}) 8... Bxf3 $1 9. gxf3 Bxd4 10. Rd1 e5 11. Nb5 {[%cal Rb5d4]} Nc6 12. h4 $146 {[%mdl 2048] White is not holding back} ({Predecessor:} 12. Nxd4 exd4 13. Bb5 O-O 14. Bxc6 bxc6 15. Bxd4 {1-0 (41) Zimina,O (2394)-Atalik,E (2468) Heraklio 2017}) 12... Qe7 {next ...0-0-0 is good for Black.} 13. Nxd4 Nxd4 14. Bxd4 exd4 15. Rxd4 O-O 16. h5 Qf6 17. Qc3 Rad8 18. Rd3 Qxc3+ 19. Rxc3 c6 20. Ra3 Nc8 21. Bh3 a6 22. Ke2 Rfe8 23. hxg6 hxg6 24. Rb3 Nd6 25. Rd1 {Strongly threatening Rbd3.} Kf8 26. Rbd3 Ke7 27. e5 Nf5 28. Bxf5 gxf5 29. Ke3 Rxd3+ 30. Rxd3 $11 {[%mdl 4096] Endgame KR-KR} f6 31. Kf4 fxe5+ 32. Kxf5 (32. Kxe5 $16 Rh8 33. Kxf5) 32... Rh8 33. Kxe5 Rh5+ 34. Ke4 Ra5 35. Rb3 Rxa2 36. Rxb7+ Ke6 37. Kd4 a5 {The position is equal.} 38. Kc3 a4 39. Ra7 c5 40. f4 Kf5 41. Kc2 {[#] Kb1 is the strong threat.} Ra1 42. Ra5 Kxf4 43. Rxc5 Rf1 44. Rc4+ Ke5 45. Rxa4 Rxf2+ 46. Kb3 Kd5 47. Rb4 Kc6 48. Ka4 Rf8 49. Rb5 Ra8+ 50. Ra5 Rf8 51. b4 Kb7 52. Rh5 Rf6 53. Kb5 Rb6+ 54. Kc4 Rc6+ 55. Rc5 Kb6 56. Kd5 Rxc5+ 57. bxc5+ {Accuracy: White = 76%, Black = 73%.} 1/2-1/2